000 00444cam a2200181ua 4500
001 1046
008 110427n ii |||gr||||Z||||||eng
040 _cMAIN
082 _a351
245 1 _aPublic administration.
_cBy D K Sharma.
250 _a1st.
260 _aGowahati.:
_bAshok book stall.,
_c2007.
300 _a578 p.:
_c25 cm.
653 _aPolitical science.
653 _aPublic administration.
700 _aSarma, D K.,
942 _cBK
999 _c963
_d963